| 000 | 01020nam a22002417a 4500 | ||
|---|---|---|---|
| 005 | 20240201093903.0 | ||
| 008 | 230622b |||||||| |||| 00| 0 eng d | ||
| 020 | _a9789211130409 | ||
| 040 |
_aCBULib _cCBULib |
||
| 041 | _aeng | ||
| 099 | _aUNCTAD(02)2023/1 | ||
| 110 | _aUnited Nations Conference on Trade and Development(UNCTAD) | ||
| 245 |
_aThe utilization of trade preferences by COMESA member states : intra-regional trade and north south trade _c/ by United Nations Conference on Trade and Development(UNCTAD) |
||
| 260 |
_aGeneva _bUnited Nations _c2023 |
||
| 300 | _a ix, 82 pages : illustrations | ||
| 610 | _aUNITED NATIONS CONFERENCE ON TRADE AND DEVELOPMENT(UNCTAD) | ||
| 650 | _a TARIFF PREFERENCES--AFRICA--STATISTICS | ||
| 650 | _aINTERREGIONALISM--AFRICA--STATISTICS | ||
| 650 | _aAFRICA--ECONOMIC INTEGRATION--STATISTICS | ||
| 710 | _aCommon Market for Eastern and Southern Africa(COMESA) | ||
| 856 | _uhttps://unctad.org/system/files/official-document/aldc2022d1_en.pdf | ||
| 942 | _c029 | ||
| 999 |
_c79378 _d79378 |
||